000
00261nam a2200109Ia 4500
008
190911s9999||||xx |||||||||||||| ||und||
100
_a
Earl R. Hutchison Sr.
245
0
_a
Writing For Mass Communication
260
_a
USA
_b
CRC
_c
1996
300
_a
382
942
_c
BK
999
_c
7024
_d
7024